Stolice świata z literą „L” - Statystyki

Ogólne statystyki
  • Ten quiz został rozwiązany 628 razy
    123 od ostatniego zresetowania
  • Średni wynik to 41 z 50
Statystyki odpowiedzi
Stolica % Poprawnych
Lima
96%
Lizbona
96%
Oslo
96%
Sztokholm
96%
Londyn
95%
Wilno
95%
Helsinki
93%
Lublana
93%
Tallinn
93%
Berlin
91%
Brasília
91%
Nowe Delhi
91%
Bruksela
89%
Luksemburg
89%
Seul
89%
Wellington
89%
Dublin
87%
Gwatemala
87%
Jerozolima
87%
Valletta
87%
Kabul
85%
Algier
84%
Belgrad
84%
Islamabad
84%
Libreville
84%
Belmopan
82%
Lomé
82%
Luanda
82%
Lusaka
82%
Male
82%
Brazzaville
80%
Kuala Lumpur
80%
Trypolis
80%
Dili
78%
Manila
78%
Tegucigalpa
78%
Kampala
76%
La Paz
76%
Tbilisi
76%
Lilongwe
75%
Kigali
73%
Port Louis
73%
Bloemfontein
71%
San Salvador
71%
Bandżul
69%
Ngerulmud
67%
Port Vila
67%
Nuku'alofa
65%
Ciudad de la Paz
64%
Palikir
64%
Nie znaleziono quizów pasujących do podanych kryteriów
Rozkład punktacji
Procent ludzi z każdym wynikiem
Percentyl według liczby udzielonych odpowiedzi
Twoja historia wyników
Nie rozwiązałeś tego quizu od ostatniego zresetowania